• 首页
  • 本馆介绍
  • 公告通知
  • 最新文献
  • 馆藏检索
  • 电子资源
  • 读者导购
  • 参考咨询
  • 我的图书馆
  • 登录
  • 详细信息显示
  • 放入我的书架
  • 预约/预借图书
  • 作者相关作品
  • 分类相关作品
  • 丛书相关作品
  • 出版社相关作品

书目信息

  • 表格格式
  • 工作单格式
  • 卡片格式
题名:
动态图形设计
    
 
作者: 李渝 著
分册:  
出版信息: 重庆   西南师范大学出版社  2017.8
页数: 159页
开本: 25cm
丛书名: 设计新动力丛书
单 册:
中图分类: J061 , J51
科图分类:
主题词: 构图(美术)--造型设计--教材 , 动态--图案设计
电子资源:
ISBN: 978-7-5621-8946-6
000 01249nam 2200337 45
001 012001000554
005 20130909092131.0
010    @a978-7-5621-8946-6@dCNY49.00
099    @aCAL 012018005666
100    @a20171108d2017 em y0chiy0110 ea
101 0  @achi
102    @aCN@b500000
105    @aa z 000yy
106    @ar
200 1  @a动态图形设计@Adong tai tu xing she ji@d= Motion graphic design@f李渝著@zeng
210    @a重庆@c西南师范大学出版社@d2017.8
215    @a159页@c彩图@d25cm
225 2  @a设计新动力丛书@Ashe ji xin dong li cong shu
300    @a四川美术学院学术出版基金资助 “十三五”普通高等教育规划教材
300    @a并列题名:Motion graphic design
314    @a李渝, 四川美术学院设计艺术学院教师。
330    @a将动态引入图形设计教学是视觉传达设计教学的大趋势和新方向。本书共有四章: 第一章史论; 第二章原理; 第三章法艺; 第四章用例。文章内容结构清晰, 层次分明, 文字通俗易懂, 图文并茂, 为读者的阅读提供视觉上的享受。
461  0 @12001 @a设计新动力丛书
510 1  @aMotion graphic design@zeng
606 0  @a构图(美术)@x造型设计@j教材
606 0  @a动态@x图案设计
690    @aJ061@v5
690    @aJ51@v5
701  0 @a李渝@Ali yu@4著
801    @aCN@b江苏凤凰@c20211018
905    @b1340105-8@dJ061@e535@f4
    
    动态图形设计= Motion graphic design/李渝著.-重庆:西南师范大学出版社,2017.8
    159页:彩图;25cm.-(设计新动力丛书)
    四川美术学院学术出版基金资助 “十三五”普通高等教育规划教材.-并列题名:Motion graphic design
    
    ISBN 978-7-5621-8946-6:CNY49.00
    将动态引入图形设计教学是视觉传达设计教学的大趋势和新方向。本书共有四章: 第一章史论; 第二章原理; 第三章法艺; 第四章用例。文章内容结构清晰, 层次分明, 文字通俗易懂, 图文并茂, 为读者的阅读提供视觉上的享受。
●
相关链接 在E读中查询图书 在五车中查询图书 在当当中查询图书 在豆瓣中查询图书


正题名:动态图形设计     索取号:J061/535         预约/预借

序号 登录号 条形码 馆藏地/架位号 状态 备注
1 1340105   213401059   第一样本阅览室/ [索取号:J061/535] 在馆    
2 1340106   213401068   第一借阅区/ [索取号:J061/535] 在馆    
3 1340107   213401077   第一借阅区/ [索取号:J061/535] 在馆    
4 1340108   213401086   第一借阅区/ [索取号:J061/535] 在馆    
唐山师范学院图书馆 欢迎您!
大连网信软件有限公司© 版权所有